|
|
|
|
| LEADER |
00000nam2a2200000 4500 |
| 001 |
333057 |
| 005 |
20231102004521.0 |
| 035 |
|
|
|a (RuTPU)RU\TPU\book\359052
|
| 035 |
|
|
|a RU\TPU\book\273524
|
| 090 |
|
|
|a 333057
|
| 100 |
|
|
|a 20170606d1979 k y0rusy50 ca
|
| 101 |
0 |
|
|a rus
|
| 102 |
|
|
|a RU
|
| 105 |
|
|
|a a z 001zy
|
| 200 |
0 |
|
|a Вып. 7
|f отв. ред. С. И. Попель
|
| 210 |
|
|
|a Свердловск
|c Изд-во УПИ
|d 1979
|
| 215 |
|
|
|a 141 с.
|c ил.
|
| 320 |
|
|
|a Библиография в конце статей
|
| 461 |
|
1 |
|0 (RuTPU)RU\TPU\book\31948
|t Физико-химические исследования металлургических процессов
|o межвузовский сборник научных трудов
|f Уральский политехнический ин-т
|v Вып. 7
|d 1973-
|
| 606 |
1 |
|
|a Металлургические процессы
|2 stltpush
|3 (RuTPU)RU\TPU\subj\74029
|9 86633
|
| 610 |
1 |
|
|a физико-химические исследования
|
| 610 |
1 |
|
|a металлургические расплавы
|
| 610 |
1 |
|
|a строение
|
| 610 |
1 |
|
|a свойства
|
| 610 |
1 |
|
|a металлические расплавы
|
| 610 |
1 |
|
|a оксидные расплавы
|
| 610 |
1 |
|
|a кинетика
|
| 610 |
1 |
|
|a полимерные модели
|
| 675 |
|
|
|a 669.01
|v 3
|
| 702 |
|
1 |
|a Попель
|b С. И.
|g Станислав Иосифович
|4 340
|
| 801 |
|
1 |
|a RU
|b 63413507
|c 20080917
|g PSBO
|
| 801 |
|
2 |
|a RU
|b 63413507
|c 20180207
|g PSBO
|
| 942 |
|
|
|c BK
|